Most Popular Songs in USA 6/28/2025 - Statistics

General Stats
  • This quiz has been taken 7 times
  • The average score is 8 of 15
Answer Stats
Rank Artist (Version) Answer Streams Radio Airplay Sales % Correct
7. Shaboozey A Bar Song (Tipsy) 14.8 Million 41.4 Million 3 Thousand
86%
8. Lady GaGa, Bruno Mars Die With A Smile 12.7 Million 48.6 Million 2 Thousand
86%
5. Kendrick Lamar, SZA Luther 14 Million 53.6 Million 1 Thousand
86%
15. Billie Eilish Birds Of A Feather 11.5 Million 29.5 Million 1 Thousand
71%
11. Chappell Roan Pink Pony Club 12 Million 30.1 Million 5 Thousand
71%
10. Benson Boone Beautiful Things 13.8 Million 31.4 Million 2 Thousand
57%
9. Teddy Swims Lose Control 16.3 Million 33.1 Million 2 Thousand
57%
14. Drake Nokia 11.8 Million 23.8 Million 1.5 Thousand
57%
1. Alex Warren Ordinary 20.4 Million 60.9 Million 6.5 Thousand
57%
2. Sabrina Carpenter Manchild 21.1 Million 17.8 Million 2.5 Thousand
43%
12. Leon Thomas Mutt 11.6 Million 32.8 Million 1.5 Thousand
43%
13. Post Malone, Morgan Wallen I Had Some Help 12.7 Million 26.3 Million 1.5 Thousand
29%
6. Morgan Wallen I'm The Problem 18 Million 25.7 Million 2 Thousand
29%
4. Morgan Wallen Just In Case 20.1 Million 23.7 Million 2 Thousand
29%
3. Morgan Wallen, Tate McRae What I Want 21.7 Million 15 Million 2 Thousand
29%
No matching quizzes found
Score Distribution
Percent of People with Each Score
Percentile by Number Answered
Your Score History
You have not taken this quiz